Logo BPK

Biblioteka

Politechniki Koszalińskiej

Ways to writing : (Rekord nr 47598)

Szczegóły MARC
000 -ETYKIETA REKORDU
podpole kontrolne o stałej długości 00720nam a2200241 i 4500
001 - NUMER KONTROLNY REKORDU
pole kontrolne bgj
020 ## - MIĘDZYNARODOWY ZNORMALIZOWANY NUMER KSIĄŻKI - ISBN
ISBN 0024155403
040 ## - ŹRÓDŁO KATALOGOWANIA
Instytucja, która utworzyła rekord BPK
041 0# - KOD JĘZYKA
Kod języka tekstu eng
920 ## - Międzynarodowy znormalizowany numer książki – ISBN
ISBN 0-02-415540-3
008 - POLE O STAŁEJ DŁUGOŚCI - DANE KONTROLNE
podpole kontrolne o stałej długości s uk f |000 0 eng
100 1# - NAZWA OSOBOWA
Nazwa osobowa STANLEY, Linda C.
245 10 - TYTUŁ/ODPOWIEDZIALNOŚĆ
Tytuł Ways to writing :
Ciąg dalszy tytułu purpose, task, and process /
Pozostałe elementy strefy tytułu i oznaczenia odpowiedzialności Linda C. Stanley, David Shimkin, Allen H. Lanner.
250 ## - STREFA WYDANIA
Oznaczenie wydania 2nd ed.
260 ## - STREFA ADRESU WYDAWNICZEGO
Miejsce wydania New York :
Nazwa wydawcy/dystrybutora Macmillan Publishing Company,
Data publikacji, dystrybucji/powstania dokumentu c. 1988.
300 ## - STREFA OPISU FIZYCZNEGO
Objętość XXVI, 500 pp ;
Rozmiary 24 cm.
505 ## - SFORMALIZOWANA UWAGA DOTYCZĄCA ZAWARTOŚCI
Pełny tekst uwagi Includes index.
650 #9 - HASŁO PRZEDMIOTOWE W FORMIE NAZWY OGÓLNEJ LUB JEDNOSTKOWEJ
Nazwa ogólna lub geograficzna English language
Określnik ogólny Rhetoric
650 #9 - HASŁO PRZEDMIOTOWE W FORMIE NAZWY OGÓLNEJ LUB JEDNOSTKOWEJ
Nazwa ogólna lub geograficzna Exposition (Rhetoric)
700 1# - HASŁO DODATKOWE - NAZWA OSOBOWA
Nazwa osobowa SHIMKIN, David.
Określenie związku między hasłem a opisywanym materiałem co-author
700 1# - HASŁO DODATKOWE - NAZWA OSOBOWA
Nazwa osobowa LANNER, Allen H.
Określenie związku między hasłem a opisywanym materiałem co-author
856 ## - LOKALIZACJA I DOSTĘP DO ELEKTRONICZNYCH DOKUMENTÓW ZDALNYCH
Link (URL) http://koha.tu.koszalin.pl/cgi-bin/koha/opac-detail.pl?biblionumber=47598
Tekst linku Katalog online BPK
942 ## - DODATKOWE ELEMENTY (KOHA)
Typ dokumentu Książka
Egzemplarze
Wycofany Status egzemplarza Uszkodzony Dostępność Lokalizacja stała Lokalizacja bieżąca Miejsce przechowywania Sygnatura Kod kreskowy Typ dokumentu
      Dostępny Biblioteka Politechniki Koszalińskiej Biblioteka Politechniki Koszalińskiej Wypożyczalnia Językowa KA 4001 09089570 Książka
      Dostępny Biblioteka Politechniki Koszalińskiej Biblioteka Politechniki Koszalińskiej Wypożyczalnia Językowa KA 4002 09036352 Książka
© 2023 Biblioteka Politechniki Koszalińskiej :: KOHA